000 00402nam a22001337a 4500
020 _a9780273774303
040 _cNust
082 _a620.00151535
_bMOA
100 _a Saeed Moaveni
_9131230
245 _aFinite Element Analysis Theory and Application with ANSYS
260 _aBoston:
_bPearson,
_c2015.
650 _aFinite Element Analysis Theory and Application with ANSYS
_9131231
942 _2ddc
_cBK
999 _c615208
_d615208